<?xml version="1.0" encoding="UTF-8"?>
<record
    xmlns:xsi="http://www.w3.org/2001/XMLSchema-instance"
    xsi:schemaLocation="http://www.loc.gov/MARC21/slim http://www.loc.gov/standards/marcxml/schema/MARC21slim.xsd"
    xmlns="http://www.loc.gov/MARC21/slim">

  <leader>00479    a2200157   4500</leader>
  <controlfield tag="005">20250514143305.0</controlfield>
  <controlfield tag="008">250514b        |||||||| |||| 00| 0 eng d</controlfield>
  <datafield tag="020" ind1=" " ind2=" ">
    <subfield code="a">9781800207677</subfield>
  </datafield>
  <datafield tag="041" ind1=" " ind2=" ">
    <subfield code="a">English</subfield>
  </datafield>
  <datafield tag="100" ind1=" " ind2=" ">
    <subfield code="a">Nath S.V.</subfield>
    <subfield code="9">211170</subfield>
  </datafield>
  <datafield tag="245" ind1=" " ind2=" ">
    <subfield code="a">Industrial Digital Transformation</subfield>
    <subfield code="c">: Accelerate Digital Transformation With Business Optimization, AI, And Industry 4.0</subfield>
  </datafield>
  <datafield tag="260" ind1=" " ind2=" ">
    <subfield code="b">Packt </subfield>
    <subfield code="c">2020</subfield>
  </datafield>
  <datafield tag="300" ind1=" " ind2=" ">
    <subfield code="a">415</subfield>
  </datafield>
  <datafield tag="700" ind1=" " ind2=" ">
    <subfield code="a">Dunkin A.</subfield>
    <subfield code="a">Chowdhary M.</subfield>
    <subfield code="9">212104</subfield>
  </datafield>
  <datafield tag="942" ind1=" " ind2=" ">
    <subfield code="c">BK</subfield>
  </datafield>
  <datafield tag="999" ind1=" " ind2=" ">
    <subfield code="c">364894</subfield>
    <subfield code="d">364894</subfield>
  </datafield>
  <datafield tag="952" ind1=" " ind2=" ">
    <subfield code="0">0</subfield>
    <subfield code="1">0</subfield>
    <subfield code="2">ddc</subfield>
    <subfield code="4">0</subfield>
    <subfield code="7">0</subfield>
    <subfield code="a">CCEP</subfield>
    <subfield code="b">CCEP</subfield>
    <subfield code="d">2025-01-29</subfield>
    <subfield code="e">87</subfield>
    <subfield code="g">2174.25</subfield>
    <subfield code="l">3</subfield>
    <subfield code="o">658.514 NAT</subfield>
    <subfield code="p">CCEP-BK-68082</subfield>
    <subfield code="q">2026-06-16</subfield>
    <subfield code="r">2025-12-18 14:24:00</subfield>
    <subfield code="s">2025-12-18</subfield>
    <subfield code="v">2899.00</subfield>
    <subfield code="w">2025-01-21</subfield>
    <subfield code="y">BK</subfield>
  </datafield>
  <datafield tag="952" ind1=" " ind2=" ">
    <subfield code="0">0</subfield>
    <subfield code="1">0</subfield>
    <subfield code="2">ddc</subfield>
    <subfield code="4">0</subfield>
    <subfield code="7">0</subfield>
    <subfield code="a">CCEP</subfield>
    <subfield code="b">CCEP</subfield>
    <subfield code="d">2026-02-04</subfield>
    <subfield code="e">115</subfield>
    <subfield code="g">2178.75</subfield>
    <subfield code="l">0</subfield>
    <subfield code="o">658.514 NAT</subfield>
    <subfield code="p">CCEP-BK-70349</subfield>
    <subfield code="r">2026-02-06 00:00:00</subfield>
    <subfield code="v">2905.00</subfield>
    <subfield code="w">2026-01-30</subfield>
    <subfield code="y">BK</subfield>
  </datafield>
  <datafield tag="952" ind1=" " ind2=" ">
    <subfield code="0">0</subfield>
    <subfield code="1">0</subfield>
    <subfield code="2">ddc</subfield>
    <subfield code="4">0</subfield>
    <subfield code="7">4</subfield>
    <subfield code="a">CCEP</subfield>
    <subfield code="b">CCEP</subfield>
    <subfield code="d">2026-02-04</subfield>
    <subfield code="e">115</subfield>
    <subfield code="g">2178.75</subfield>
    <subfield code="l">0</subfield>
    <subfield code="o">658.514 NAT</subfield>
    <subfield code="p">CCEP-BK-70348</subfield>
    <subfield code="r">2026-02-06 00:00:00</subfield>
    <subfield code="v">2905.00</subfield>
    <subfield code="w">2026-01-30</subfield>
    <subfield code="y">BK</subfield>
  </datafield>
  <datafield tag="952" ind1=" " ind2=" ">
    <subfield code="0">0</subfield>
    <subfield code="1">0</subfield>
    <subfield code="2">ddc</subfield>
    <subfield code="4">0</subfield>
    <subfield code="7">0</subfield>
    <subfield code="a">CCEP</subfield>
    <subfield code="b">CCEP</subfield>
    <subfield code="d">2026-02-04</subfield>
    <subfield code="e">115</subfield>
    <subfield code="g">2178.75</subfield>
    <subfield code="l">0</subfield>
    <subfield code="o">658.514 NAT</subfield>
    <subfield code="p">CCEP-BK-70351</subfield>
    <subfield code="r">2026-02-04 00:00:00</subfield>
    <subfield code="v">2905.00</subfield>
    <subfield code="w">2026-01-30</subfield>
    <subfield code="y">BK</subfield>
  </datafield>
  <datafield tag="952" ind1=" " ind2=" ">
    <subfield code="0">0</subfield>
    <subfield code="1">0</subfield>
    <subfield code="2">ddc</subfield>
    <subfield code="4">0</subfield>
    <subfield code="7">0</subfield>
    <subfield code="a">CCEP</subfield>
    <subfield code="b">CCEP</subfield>
    <subfield code="d">2026-02-04</subfield>
    <subfield code="e">115</subfield>
    <subfield code="g">2178.75</subfield>
    <subfield code="l">0</subfield>
    <subfield code="o">658.514 NAT</subfield>
    <subfield code="p">CCEP-BK-70352</subfield>
    <subfield code="r">2026-02-04 00:00:00</subfield>
    <subfield code="v">2905.00</subfield>
    <subfield code="w">2026-01-30</subfield>
    <subfield code="y">BK</subfield>
  </datafield>
  <datafield tag="952" ind1=" " ind2=" ">
    <subfield code="0">0</subfield>
    <subfield code="1">0</subfield>
    <subfield code="2">ddc</subfield>
    <subfield code="4">0</subfield>
    <subfield code="7">0</subfield>
    <subfield code="a">CCEP</subfield>
    <subfield code="b">CCEP</subfield>
    <subfield code="d">2026-02-04</subfield>
    <subfield code="e">115</subfield>
    <subfield code="g">2178.75</subfield>
    <subfield code="l">0</subfield>
    <subfield code="o">658.514 NAT</subfield>
    <subfield code="p">CCEP-BK-70353</subfield>
    <subfield code="r">2026-02-04 00:00:00</subfield>
    <subfield code="v">2905.00</subfield>
    <subfield code="w">2026-02-04</subfield>
    <subfield code="y">BK</subfield>
  </datafield>
</record>
